| 000 | 00482cam a22001571 4500 | ||
|---|---|---|---|
| 082 |
_a520 _bSKI _cL-1, P-4 |
||
| 100 | 1 |
_aSkilling, William T. _939580 |
|
| 245 | 0 | 2 |
_aA brief text in astronomy _c[by] William T. Skilling [and] Robert S. Richardson. |
| 260 |
_a[New York] _bHolt _c[1954] |
||
| 300 |
_a327 p. _billus. _c25 cm. |
||
| 526 |
_a0 _b0 _c0 _d520_000000000000000_SKI |
||
| 650 | 0 | _aAstronomy. | |
| 650 | 0 |
_aMCE _9379 |
|
| 700 | 1 |
_aRichardson, Robert S. _939581 |
|
| 942 |
_2ddc _cBK |
||
| 999 |
_c544041 _d544041 |
||